000 00792nam a2200229 a 4500
001 000039437
005 20240226144733.0
008 130627s1986 dr 000 0 spa d
040 _aDO-SdBNP
_bspa
_cBNPHU
082 _a342.083
_bJ82a
100 1 _aJorge Blanco, Salvador,
_d1926-2010
_930551
245 1 3 _aEl asilo politíco /
_cSalvador Jorge Blanco.
260 _aSanto Domingo :
_bCorripio,
_c1986.
300 _a360 p. ;
_c23 cm.
500 _aIncluye referencias bibliográficas y notas al pie de las paginas
504 _aBibliografía: p. 351-353
590 _aInventariado, 2018/ YL
650 4 _aDerecho de asilo
_929673
650 4 _aProtección diplomática
_965642
650 4 _aRefugiados políticos
_xSituación legal
_965643
910 _aValidado. Control de calidad EMS.
999 _c38927
_d38927